000 00676nam a2200229 i 4500
001 42066
003 ES-MaACL
005 20250811100458.0
007 t|
008 030312s1972 sp |||| | spa d
100 1 _aCastaño López-Mesas.
_936439
245 1 0 _aPsiquiatría /
_cpor médicos forenses, Castaño López Mesas, Dura Llopis.
260 _aMadrid :
_b[Pons],
_c1972.
300 _a2 v, ;
_c30 cm.
490 1 _aContestaciones Pons
500 _aEjemplar multicopista.
650 0 7 _aPsiquiatría legal
_2embne
_916596
700 1 _aDura Llopis.
_946165
830 0 _aContestaciones Pons
_9181920
852 _aES-MaACL
_jC-51840-41
999 _c42066
_d42066